UBT Library

Foundations of nursing in the community / Community-Oriented practice: (Record no. 2450)

000 -LEADER
fixed length control field 00354nam a22001217a 4500
008 - FIXED-LENGTH DATA ELEMENTS--GENERAL INFORMATION
fixed length control field 160613b xxu||||| |||| 00| 0 eng d
020 ## - INTERNATIONAL STANDARD BOOK NUMBER
International Standard Book Number 9780323032094
020 ## - INTERNATIONAL STANDARD BOOK NUMBER
International Standard Book Number 0323032095
041 ## - LANGUAGE CODE
Language code of text/sound track or separate title eng
080 ## - UNIVERSAL DECIMAL CLASSIFICATION NUMBER
Universal Decimal Classification number 618.2
245 ## - TITLE STATEMENT
Title Foundations of nursing in the community / Community-Oriented practice:
Statement of responsibility, etc Marcia Stanhope; Jeanette Lancaster;
942 ## - ADDED ENTRY ELEMENTS (KOHA)
Source of classification or shelving scheme
Item type Books
Holdings
Withdrawn status Lost status Source of classification or shelving scheme Damaged status Not for loan Collection code Permanent location Current location Shelving location Date acquired Total Checkouts Full call number Barcode Date last seen Price effective from Koha item type
          Koleksioni i përgjithshem UBT - Lipjan UBT - Lipjan Koleksioni i përgjithshem 06/13/2016   618.2 STA 002-028454 01/10/2017 06/13/2016 Books
          Koleksioni i përgjithshem UBT - Lipjan UBT - Lipjan Koleksioni i përgjithshem 05/28/2021   610.73 STA 002-7003161 05/28/2021 05/28/2021 Books
UBT Library © 2015-2024. All rights reserved University Education for Business and Technology